Focus on personal finance : (Record no. 137288)

MARC details
000 -LEADER
fixed length control field 01019nam a2200277 a 4500
003 - CONTROL NUMBER IDENTIFIER
control field OSt
005 - DATE AND TIME OF LATEST TRANSACTION
control field 20251117111633.0
008 - FIXED-LENGTH DATA ELEMENTS--GENERAL INFORMATION
fixed length control field
020 ## - INTERNATIONAL STANDARD BOOK NUMBER
International Standard Book Number 0073530638 (pbk.)
040 ## - CATALOGING SOURCE
Original cataloging agency MAIN
Transcribing agency NUST
-- (39156)
-- (39157)
-- (39158)
-- (39159)
-- (39160)
-- (41201)
-- (38922)
-- (41201)
-- (40048)
-- (40049)
050 ## - LIBRARY OF CONGRESS CALL NUMBER
Classification number HG179 KAP
100 1# - MAIN ENTRY--PERSONAL NAME
Personal name Kapoor, Jack R.
245 10 - TITLE STATEMENT
Title Focus on personal finance :
Remainder of title an active approach to help you develop successful financial skills /
Statement of responsibility, etc. Jack R. Kapoor.
250 ## - EDITION STATEMENT
Edition statement Scond Edition
260 ## - PUBLICATION, DISTRIBUTION, ETC.
Place of publication, distribution, etc. Boston :
Name of publisher, distributor, etc. Mc-Graw Hill,
Date of publication, distribution, etc. ©2008.
300 ## - PHYSICAL DESCRIPTION
Extent xxiv, 504 pages. :
Other physical details illustrations. ;
Dimensions 27 cm.
336 ## - CONTENT TYPE
Source rdacontent
Content type term text
Content type code txt
337 ## - MEDIA TYPE
Source rdamedia
Media type term unmediated
Media type code n
338 ## - CARRIER TYPE
Source rdacarrier
Carrier type term volume
Carrier type code nc
504 ## - BIBLIOGRAPHY, ETC. NOTE
Bibliography, etc. note Includes bibliographical references.
650 #1 - SUBJECT ADDED ENTRY--TOPICAL TERM
Topical term or geographic name entry element Finance, Personal.
650 ## - SUBJECT ADDED ENTRY--TOPICAL TERM
Topical term or geographic name entry element Investments.
700 ## - ADDED ENTRY--PERSONAL NAME
Personal name Hughes, Robert J.
700 ## - ADDED ENTRY--PERSONAL NAME
Personal name Dlabay, Les R.
942 ## - ADDED ENTRY ELEMENTS (KOHA)
Koha item type Ordinary Loan Books
Call number prefix HG179
Call number suffix KAP
Source of classification or shelving scheme Library of Congress Classification
Edition Second Edition
Classification part HG179 KAP
Suppress in OPAC No
Holdings
Withdrawn status Lost status Source of classification or shelving scheme Damaged status Not for loan Collection Home library Current library Shelving location Date acquired Source of acquisition Cost, normal purchase price Total Checkouts Full call number Barcode Date last seen Accession number Cost, replacement price Price effective from Koha item type Public note
    LCC   1 NFIC MAIN MAIN GEN 01/23/2023 Book Aid International 80.00   HG179 KAP 92004019890 01/23/2023 42242 80.00 01/23/2023 BOOKS Donation
    LCC   1 NFIC MAIN MAIN GEN 01/23/2023 Book Aid International 80.00   HG179 KAP 92004017489 11/17/2025 38922 80.00 01/23/2023 BOOKS Donation
    LCC   1 NFIC MAIN MAIN GEN 01/23/2023 Book Aid International 80.00   HG179 KAP 92004015131 11/17/2025 37298 80.00 01/23/2023 BOOKS Donation